000 00809nam a22002417a 4500
005 20170124110245.0
010 _a134517
020 _c00.00
035 _a134517
037 _bCen Lib/Ret
040 _aDPL
_bEN
082 _a250.1
_bBHA
100 _aBhattacahryya, Benoytosh
_997018
245 _aThe Indian buddhist iconography :
_cby Benoytosh Bhattacahryya
_bmainly based on the Sādhanamālā and cognate tāntric texts of rituals /
250 _a2nd ed.
260 _aCalcutta
_bK. L. Mukhopadhyay
_c1958
270 _bCalcutta
_a6/1A, Banchcharam Akrur Lane
_e12
300 _axxxiii, 478p. :
_c24cm(Hb)
_bill.
500 _aIncludes index
650 _aTantric-Buddhist art -- India.
_997019
650 _aGautama Buddha -- Art.
_9107446
942 _2ddc
_cEN
_h250.1
_mBHA
999 _c135431
_d135431